Word Ladder: Vegan's Demise Quiz Stats

 Plays Quiz Updated Mar 10, 2013

Support Sporcle.
Go Orange.
Score 0/20 Timer 03:00
0 Plays Today
Hint 4-Letter Word % Correct
❖ DECEASED ❖❖ DEAD ❖
95%
❖ NOGGIN ❖❖ HEAD ❖
93.8%
Recover from a woundHEAL
92.3%
GlanceLOOK
91.2%
❖ DISNEY PIRATE ❖❖ HOOK ❖
90.4%
❖ FORMAL DANCE ❖❖ BALL ❖
82.7%
InfernoHELL
79.8%
'____ Bottom Blues'BELL
77.9%
Blood, river, or piggy ____BANK
77.2%
Laughing duckLOON
71.9%
Hint 4-Letter Word % Correct
HesitateBALK
71.4%
Temporary giftLOAN
69.5%
Gander's commentHONK
68.7%
Heavy metalLEAD
67.3%
ClobberBONK
67%
Honey brewMEAD
61.7%
❖ BEND FROM VERTICAL ❖❖ LEAN ❖
53.8%
B.M.O.C.DEAN
52.5%
❖ BE LAZY ❖❖ LOAF ❖
45.2%
❖ COMMON BOND ❖❖ MEAT ❖
33.5%

Today's Daily Dose

From the Vault

The Last Word: Book Titles II

by Flick

Those literature people always like to have the last word.
Remove Ads.
Support Sporcle.
Get the best of Sporcle when you Go Orange. This ad-free experience offers more features, more stats, and more fun while also helping to support Sporcle. Thank you for becoming a member.

Show Comments

Extras

Top Quizzes Today


Score Distribution

Your Account Isn't Verified!

In order to create a playlist on Sporcle, you need to verify the email address you used during registration. Go to your Sporcle Settings to finish the process.

Report this User

Report this user for behavior that violates our Community Guidelines.

Details: